000 01273nam a2200337 i 4500
003 EG-GICUC
005 20260203212618.0
008 260203s2010 ua ||||fr|||| 00| 0 ara d
017 _a2010/8/25/17111
020 _a9789770465224
040 _a EG-GICUC
_bara
_c EG-GICUC
_d EG-GICUC
_erda
041 _aara
082 0 4 _221
_a343.3
_bع م . و
092 0 4 _221
099 _aLaw1 10 343.3 ع م . و2012
100 0 _aعمر سالم
_eمؤلف.
245 1 2 _aالوجيز فى شرح قانون الإجراءات الجنائية.
_cتأليف الدكتور عمر سالم.
_nالجزء الأول،
264 1 _aالقاهرة :
_bدار النهضة العربية،
_c2010.
300 _a536 صفحة ;
_c24 سم.
_bإيضاحيات، صور، مثيليات ؛
336 _2rda content
_atext
337 _2rda media
_aComputer
338 _2rda carrier
_aOnline Resource
504 _aيشتمل على إرجاعات ببليوجرافية.
546 _aالنص باللغة العربية
650 1 _aالقانون الجنائي
_2qrmak
650 1 _aقانون الإجراءات الجنائية
_2qrmak
651 1 _2qrmak
856 4 0 _uhttps://fll.law.cu.edu.eg/fulltext/bks/B10-03214.pdf
905 _a43
942 _2ddc
_cBK
_e21
_n0
999 _c60830
_d60830